00928nam a2200265 a 450000100060000000300080000600500170001400800410003103500190007204000350009104100080012608200260013410000350016024500640019525000180025926000630027730000340034050000190037450400290039365000390042265100310046194200120049299900170050495201410052168895BD-RjUL20211209081825.0170406s1950 enka 001 0 eng d a(BD-RjUL)69106 aBD-RjULbengcBD-RjULdBD-RjUL aeng 223a330.944bORF 195010aOrmsby, Hilda Rodwell.920413810aFrance :ba regional and economic geography /cby H. Ormsby a2nd ed., rev. aLondon :bMethun & co.,aNew York :bDutton & co.,cc1950. axiv, 525 p. :bill. ;c22 cm. aIncludes index aBibliography: p. 497-501 0aEconomic geographyzFrance9204139 0aFrancexGeography.9204140 2ddccBK c68895d68895 00102ddc40718NFICaRUCLbRUCLcReadingd1955-10-05eAllis bookg18.50l0o330.944 ORF 1950r2017-04-06 00:00:00tC-1w2017-04-06yBK